Medzinárodné vzťahy 2013: Aktuálne otázky svetovej ekonomiky a politiky

Informácia o zámeroch a cieľoch medzinárodnej konferencie "Aktuálne otázky svetovej ekonomiky a politiky“, ktorá sa konala v Smoleniciach sa 5. - 6. decembra 2013.

Salvato in:
Dettagli Bibliografici
Autore principale: Grančay, Martin, 1984-2024
Natura: Capitolo di libro
Lingua:slovacco
Soggetti:
Tags: Aggiungi Tag
Nessun Tag, puoi essere il primo ad aggiungerne!!

MARC

LEADER 00000nla a2200000 4500
001 0180715
005 20240502073104.2
041 0 |a slo 
044 |a SK 
245 1 0 |a Medzinárodné vzťahy 2013: Aktuálne otázky svetovej ekonomiky a politiky  |c Martin Grančay 
520 |a Informácia o zámeroch a cieľoch medzinárodnej konferencie "Aktuálne otázky svetovej ekonomiky a politiky“, ktorá sa konala v Smoleniciach sa 5. - 6. decembra 2013. 
610 2 0 |a politika medzinárodná 
610 2 0 |a konferencie 
610 2 0 |a vzťahy zahraničné 
100 1 |a Grančay, Martin, 1984-2024